000 00695nam a2200181Ia 4500
008 090124s9999 xx 000 0 und d
082 _b30888
100 _aसाठे डॉ. विजया
245 _a तुमची मुले मागे तर पडत नाहीत?
250 _a1
260 _bचंद्रकला प्रकाशन
_c1992
300 _a90
600 _aसाठे डॉ. विजया
630 _a तुमची मुले मागे तर पडत नाहीत?
700 _aसाठे डॉ. विजया
730 _a तुमची मुले मागे तर पडत नाहीत?
942 _cBOOK
999 _c97038
_d97038